000 00753nam a2200205Ii 4500
003 JO-AjNU
008 230605s9999||||xx |||||||||||||| ||und||
017 _a2013/7/2715
040 _aJO-AjNU
_bara
_erda
_cJO-AjNU
041 _aara
050 1 4 _aDS154.9.J37 2014
100 3 _aتاليف بني عامر، موسى محمد أبو العسل,
_eauthor
_948122
245 0 0 _aالزعامات المحلية في تبنه (ناحية الكورة) 1500-1921م
264 3 1 _aعمان: المؤلف، 2014
300 _a399ص
_bصور توضيحية
336 _atext
_btxt
_2rdacontent
337 _aunmediated
_bn
_2rdamedia
338 _avolume
_bnc
_2rdacarrier
650 4 _aالاردن-تاريخ-الحكم العثماني(1517-1920م)
_948123
999 _aA21053
_c24621
_d24621